[Event "Liga Gallega-chT"]
[Site "Orense"]
[Date "1997.??.??"]
[Round "5"]
[White "Rodriguez Cespedes, Amador"]
[Black "Guimaraes, Jorge"]
[Result "1/2-1/2"]
[WhiteElo "2555"]
[BlackElo "2310"]
[Annotator "Rodriguez,Am"]
[PlyCount "104"]
[EventDate "1997.??.??"]
[EventType "team"]
[EventRounds "9"]
[EventCountry "ESP"]
[SourceTitle "EXT 1999"]
[Source "ChessBase"]
[SourceDate "1998.11.16"]
[SourceVersion "1"]
[SourceVersionDate "1998.11.16"]
[SourceQuality "1"]

1. e4 c5 2. Nf3 Nc6 3. d4 cxd4 4. Nxd4 Nf6 5. Nc3 e5 6. Ndb5 d6 7. Bg5 a6 8.
Na3 b5 9. Bxf6 gxf6 10. Nd5 Bg7 11. Bd3 Ne7 12. Nxe7 Qxe7 13. O-O O-O 14. c3 f5
15. Nc2 Bb7 16. exf5 d5 $5 $146 (16... Qg5 $6 {64/172}) 17. a3 $5 (17. Qh5 e4
18. Be2 (18. Rfe1 $5) 18... b4 $1 19. Nxb4 d4 $132) 17... Rfd8 18. Qh5 Rd6 $5 (
18... e4 19. Be2 $16) 19. Ne3 (19. f6 Rxf6 20. Qxh7+ Kf8 21. Ne3 e4 22. Bc2 Qe6
$44 {/\Rg6}) 19... Rh6 $6 (19... e4 $142 20. Bc2 d4 21. cxd4 Bxd4 22. Rab1 Rad8
$14) 20. Qe2 Kh8 21. Rfe1 Rd6 (21... Re8 22. Rad1) 22. f6 $3 Qxf6 (22... Rxf6
23. Nf5 Qf8 24. Qxe5 d4 25. Qe7 $18) (22... Bxf6 23. Nf5 Qd7 24. Nxd6 Qxd6 25.
Qh5 $1 e4 26. Qxf7 $18) 23. Ng4 Qe7 24. Nxe5 Qxe5 (24... Re6 $2 25. Nxf7+) 25.
Qxe5 Bxe5 26. Rxe5 $18 d4 $8 27. cxd4 (27. c4 $5 Rg8 28. g3 bxc4 29. Bxc4 d3
30. Rd1 d2 31. Re3) 27... Rxd4 28. Bf1 (28. Bf5 $5) 28... Bd5 $1 29. Rae1 $6 (
29. Rc1 $142) 29... Be6 30. g3 $138 (30. h3 Rc8 31. Kh2 Rc2 32. R5e2 Rdd2) (30.
f3 Rad8 31. Kf2 Rd2+ 32. R1e2 {/\} Bc4 33. Re8+) 30... Rc8 31. f4 Kg7 32. R5e2
(32. Kf2 $142 Rc2+ (32... Rd2+ 33. R5e2 Rxe2+ 34. Rxe2) 33. R5e2 Rdd2 (33...
Rxe2+ 34. Kxe2) 34. Ke3) 32... h5 33. Rf2 (33. h3 h4) 33... Kf6 34. Be2 $6 (34.
h3 Rcd8 35. Kh2 Rd2 36. Rxd2 Rxd2+ 37. Re2 Rd6) (34. Re5 $5 h4 35. gxh4) 34...
Bg4 35. Bxg4 $2 hxg4 36. Kg2 (36. Rfe2) 36... Rcd8 37. Rc1 (37. Rfe2 b4) 37...
R8d6 38. h3 gxh3+ 39. Kxh3 Kg7 40. Rc3 b4 $1 41. axb4 Rxb4 $14 42. b3 a5 43.
Ra2 Rd5 44. Kg4 Rdb5 45. Ra3 a4 46. bxa4 Ra5 47. Rc6 Rbxa4 48. Rxa4 Rxa4 49.
Kg5 Ra5+ 50. f5 Rb5 51. g4 Ra5 52. Rb6 Rc5 1/2-1/2

[Event "Hastings 9091"]
[Site "Hastings"]
[Date "1990.12.??"]
[Round "13"]
[White "Kosten, Anthony C"]
[Black "Chandler, Murray G"]
[Result "0-1"]
[WhiteElo "2510"]
[BlackElo "2560"]
[Annotator "Rogers,I"]
[PlyCount "70"]
[EventDate "1990.12.??"]
[EventType "tourn"]
[EventRounds "14"]
[EventCountry "ENG"]
[EventCategory "13"]
[SourceTitle "CBM 022"]
[Source "ChessBase"]
[SourceDate "1991.06.01"]
[SourceVersion "1"]
[SourceVersionDate "1991.06.01"]
[SourceQuality "1"]

1. e4 c5 2. Nf3 e6 3. d4 cxd4 4. Nxd4 Nf6 5. Nc3 Nc6 6. Ndb5 d6 7. Bf4 e5 8.
Bg5 a6 9. Na3 b5 10. Bxf6 gxf6 11. Nd5 {By a transposition of moves, the
players have reached the main line of the Pelikan variation of the Sicilian
Defence.} Bg7 ({Chandler's move is the 90s method of avoiding the
over-analysed lines which ensue after} 11... f5) 12. Bd3 Ne7 13. Nxe7 Qxe7 14.
O-O O-O 15. c4 f5 $1 {Rather than allow White's knight into the game via c4,
Black is always prepared to sacrifice his b pawn in this line if it means he
can obtain a central pawn roller.} 16. Re1 $6 ({Only} 16. Qf3 $1 {really puts
Black's opening plan to the test.}) 16... fxe4 17. Bxe4 Rb8 18. cxb5 axb5 19.
Qd3 f5 20. Bd5+ Kh8 21. Nxb5 e4 22. Qb3 {So White has won a pawn. However as
the next few moves show, Black is well placed to exploit the presence of
White's army on the queenside by launching a kingside attack.} Be5 23. a4 Bd7
24. Rac1 Qe8 25. Bc4 (25. Rc2 $5 {Boensch}) 25... Qh5 26. h3 Qg6 27. Bd5 {
Only one problem remains for Black - how to exploit the half-open g file.
Chandler finds the answer with another sacrifice.} Rg8 $3 28. g3 ({Since} 28.
Bxg8 Rxg8 29. g3 f4 $1 {would allow Black to crash through immediately, Kosten
keeps his bishop and prepares to meet 28...f4? with 29.Bxe4. Now, however,
Chandler can preserve his rook when his force pointed at the White king is
overwhelming.}) 28... Rg7 29. Rc7 Qh5 30. Rec1 Qxh3 31. R1c3 f4 32. Rxd7 fxg3
$1 ({Far stronger than} 32... Rxd7 33. gxf4 Rg7+ 34. Rg3 {keeping White in the
game.}) 33. Rf7 Qh1+ $3 ({White was desperately hoping to run away after} 33...
gxf2+ 34. Kxf2 {but Chandler has spotted a pretty finish.}) 34. Kxh1 g2+ 35.
Kg1 Bh2+ $1 ({White is mated after} 35... Bh2+ $1 36. Kxh2 g1=Q+ 37. Kh3 Qh1# {
An impressive attacking game and a fine advertisement for the Pelikan opening.}
) 0-1

[Event "FIDE-Wch"]
[Site "San Luis"]
[Date "2005.10.08"]
[Round "9"]
[White "Morozevich, Alexander"]
[Black "Leko, Peter"]
[Result "1-0"]
[WhiteElo "2707"]
[BlackElo "2763"]
[Annotator "Rogozenco,D"]
[PlyCount "107"]
[EventDate "2005.09.28"]
[EventType "tourn"]
[EventRounds "14"]
[EventCountry "ARG"]
[EventCategory "20"]
[SourceTitle "CBM 110"]
[Source "ChessBase"]
[SourceDate "2006.01.31"]
[SourceVersion "1"]
[SourceVersionDate "2006.01.31"]
[SourceQuality "1"]

1. e4 c5 2. Nf3 Nc6 3. d4 cxd4 4. Nxd4 Nf6 5. Nc3 e5 6. Ndb5 d6 7. Bg5 a6 8.
Na3 b5 9. Nd5 Be7 10. Bxf6 Bxf6 11. c4 {As usual, Morozevich is trying to
bring new life in rather harmless theoretical lines.} (11. c3) 11... b4 12. Nc2
Rb8 (12... a5) 13. b3 Bg5 14. g3 O-O 15. h4 $146 {White's major strategic task
in such positions is to keep opponent's dark squared bishop out of business.
One can look at it the following way: the knight on c2 protects "the hole d4" 
(which, by the way, is a direct consequense of 11.c4), "neutralizing" the
knight on c6. White will soon play Bh3, trying to swap light-squared bishops.
The relation of the remaining two minor pieces - the knight on d5 versus dark
squared bishop - obviously favors White. That's why for White it is important
to prevent any Black's possibility to solve the problem of the dark squared
bishop (trade or transfer to the diagonal a7-g1). With his last move
Morozevich sends the bishop to h6, keeping it away from the road to the
queenside (Bg5-d8-b6). On the other hand in this pawn formation it is
difficult for White to make progress.} (15. Bg2 Be6 $11) 15... Bh6 16. Bh3 Be6
{A typical answer. Black agrees to trade the bishops (which would favor White),
but ... on square e6 (which would favor Black, solving the problem of square
d5).} 17. Kf1 a5 18. Kg2 Rb7 {Leko demonstrates the resources of Black's
position. It will become clear soon that besides preparing the transfer of the
rook to the kingside, the last move also prepares a maneuver for the knight.} (
18... Kh8 19. Qd3 Qd7 20. Bf5 g6 21. Bh3 Bxh3+ 22. Rxh3 f5 23. f3 fxe4 24. Qxe4
Qf5 25. Re1 Rb7 26. g4 Qxe4 27. Rxe4 $11 {1/2-1/2 Marcetic,M (2258)-Maksimovic,
S (2267)/Vrnjacka Banja 2005 (33)}) (18... Ne7 $5) 19. Bf5 {A curious case
when both sides are trying to trade a piece and at the same time create
double-pawns in their own pawn structure.} Kh8 20. Qd3 Nb8 $1 {The knight goes
to c5.} 21. Rad1 Na6 22. Qf3 {A provokative move. Morozevich believes that as
long as his pieces are on the light squares, there is little danger for White.}
g6 23. Bh3 f5 24. h5 fxe4 25. Qxe4 Nc5 26. Qe2 Bxd5+ 27. Rxd5 Rbf7 {White
succeeded to implement his "light-squared strategy", but he obviously
underestimated Black's dynamic resources.} 28. Rf1 gxh5 29. Qxh5 Qf6 30. Bg4
Ne4 $1 {Provoking the advance of the f-pawn, which will create another target
- pawn g3. Notice that Black can find targets for attack only on the dark
squares and from this point of view Morozevich was right. The problem is that
Black's active pieces are too strong and inevitably cooperate much better.
This dynamic factor always secures Black enough counterplay.} 31. f3 Qg7 32.
Rdd1 Nf6 {Not bad, but Black had much more perspective ideas.} ({Interesting
was} 32... Nxg3 $5 33. Kxg3 Rf6 {followed by Bf4 and Rh6.}) ({The simplest way
to achieve a big advantage was} 32... Nd2 33. Rf2 Rf6 {This move, which
practically wins the game, escaped Leko's attention. Black threatens 34...Ne4
35.Rf1 Nxg3 36.Kxg3 Bf4+ followed by ...Rh6 - which would have been the
complete failure of Morozevich's strategical concept.} ({Leko saw} 33... Ne4 {
which makes a draw, but he correctly was seeking for more.})) 33. Qh3 Nxg4 34.
Qxg4 Qf6 ({The endgame after} 34... Qxg4 35. fxg4 Rxf1 36. Rxf1 Rxf1 37. Kxf1
Kg7 38. Ke2 e4 {is probably a draw:} 39. Nd4 Kf6 {and White cannot win pawn a5:
} 40. Nc6 Ke6 41. Nxa5 $2 Kd7 42. c5 d5 $1 $19) 35. Qe4 Bf4 {Finally Leko can
use his bishop for attack. The Hungarian must have been fascinated by this
idea and he lost too much time making it work.} 36. Kf2 $1 (36. gxf4 Qh4 $1 37.
Rf2 Rxf4 {followed by 38...e4 secures Black a strong attack.}) 36... Qh6 37.
gxf4 Rxf4 38. Rh1 Qg7 39. Qd5 e4 $2 {The fatal mistake in time trouble.} ({
Black makes a draw with} 39... Rxf3+ 40. Qxf3 e4 $1 41. Qxf8+ Qxf8+ 42. Ke1 ({
or} 42. Ke3 Qf3+ 43. Kd2 Qf4+) 42... Qf3 $11) 40. Rdg1 $1 Rxf3+ 41. Ke2 Rf2+
42. Kd1 {The knight on c2 turns out to be a great defender.} Qe5 (42... Qc3 43.
Rxh7+ Kxh7 44. Qh5#) 43. Rh5 $18 Rf1+ 44. Rxf1 Rxf1+ 45. Ke2 Qf4 46. Qd4+ Kg8
47. Rg5+ Qxg5 48. Kxf1 Qc1+ 49. Ne1 Qf4+ 50. Kg1 Qg5+ 51. Ng2 Qc1+ 52. Kh2 Qh6+
53. Kg3 Qg5+ 54. Kf2 1-0

[Event "FIDE-Wch k.o."]
[Site "Moscow"]
[Date "2001.11.27"]
[Round "1.1"]
[White "Bologan, Viktor"]
[Black "Nataf, Igor Alexandre"]
[Result "1/2-1/2"]
[WhiteElo "2668"]
[BlackElo "2535"]
[Annotator "Rogozenco,D"]
[PlyCount "117"]
[EventDate "2001.11.27"]
[EventType "k.o."]
[EventRounds "7"]
[EventCountry "RUS"]
[SourceTitle "CBM 086"]
[Source "ChessBase"]
[SourceDate "2002.02.05"]
[SourceVersion "1"]
[SourceVersionDate "2002.02.05"]
[SourceQuality "1"]

1. e4 c5 2. Nf3 Nc6 3. d4 cxd4 4. Nxd4 e5 5. Nb5 d6 6. N1c3 a6 7. Na3 b5 8. Nd5
Nf6 9. Bg5 Be7 10. Bxf6 Bxf6 11. c3 O-O 12. Nc2 Bg5 13. a4 bxa4 14. Rxa4 a5 15.
Bc4 Rb8 16. b3 Kh8 17. O-O f5 18. f3 (18. exf5 {is much more popular, but
probably equal anyway.}) 18... fxe4 {The most direct way to use the relative
weakness of White's back rank.} (18... Bd7 19. Ra1 g6 20. Qd3 Bh6 21. Rad1 Qh4
$13 {1/2-1/2 Hari,V-Churun,P/Oropesa del Mar 2000/ (35)}) 19. fxe4 Rxf1+ 20.
Qxf1 Be6 {The position is about equal. As usual White has a better control
over d5-square, but Black has many other ressources, such as the bishop pair,
active pieces, a slight weakness of white king. In this rather open position
all this factors should not be underestimated.} 21. b4 {White's only hope to
fight for advantage is to create a passed pawn on the queenside. However, this
idea only brings nothing here because Black can get quick activity on the
kingside. Next part White must play careful in order to keep the balance.} (21.
Qd3 Ne7 $11 22. Nxe7 $140 $2 Bxc4 23. Qxc4 Qb6+ 24. Kh1 Qxb3 $1) 21... axb4 22.
Ndxb4 (22. cxb4 Bxd5 (22... Ne7 $5) 23. Bxd5 Ne7 24. Bb3 d5 $11) (22. Ncxb4 Ne7
$11) 22... Bxc4 23. Qxc4 Nxb4 24. Nxb4 (24. cxb4 Rc8 25. Qe2 d5 $5 26. exd5
Qb6+ 27. Kh1 Qd4 $5 $44 {[%cal Gd4b2]}) 24... Be3+ 25. Kh1 Qh4 26. Qe2 (26. Ra1
Bf4 27. g3 Bxg3 $17) 26... Qxe4 27. Ra1 {As it is often the case in such
positions, even when Black wins a pawn and White consolidates, the game is
drawn.} d5 28. Qb5 $1 (28. Re1 d4 $17) 28... Qb1+ 29. Rxb1 Rxb5 30. Rd1 d4 31.
Nc2 {reaching a drawish rook endgame.} Kg8 32. g3 Rc5 33. Nxe3 dxe3 34. Rd3 e2
35. Re3 Rxc3 36. Rxe2 Rc5 37. Rf2 $11 Rc1+ 38. Kg2 Re1 39. Rf5 g6 40. Rg5 Re2+
(40... Kg7 41. Kf2 Re4 42. Kf3 Re1 43. Kf2 Kf6 44. Rxg6+ Kxg6 45. Kxe1 $11) 41.
Kf3 Rxh2 42. Rxe5 Kg7 43. g4 Kf6 44. Ra5 h6 45. Kg3 Re2 46. Ra3 Re1 47. Ra5 Re6
48. Ra3 Re5 49. Ra6+ Kg5 50. Ra3 Rb5 51. Rc3 Ra5 52. Rb3 h5 53. gxh5 Kxh5 54.
Rc3 g5 55. Rb3 Ra4 56. Rc3 Rg4+ 57. Kh3 Rg1 58. Kh2 Re1 59. Kg3 1/2-1/2

[Event "FIDE-Wch"]
[Site "San Luis"]
[Date "2005.10.03"]
[Round "5"]
[White "Anand, Viswanathan"]
[Black "Leko, Peter"]
[Result "1/2-1/2"]
[WhiteElo "2788"]
[BlackElo "2763"]
[Annotator "Rogozenco,D"]
[PlyCount "120"]
[EventDate "2005.09.28"]
[EventType "tourn"]
[EventRounds "14"]
[EventCountry "ARG"]
[EventCategory "20"]
[SourceTitle "CBM 110"]
[Source "ChessBase"]
[SourceDate "2006.01.31"]
[SourceVersion "1"]
[SourceVersionDate "2006.01.31"]
[SourceQuality "1"]

1. e4 c5 2. Nf3 Nc6 3. d4 cxd4 4. Nxd4 Nf6 5. Nc3 e5 6. Ndb5 d6 7. Bg5 a6 8.
Na3 b5 9. Nd5 Be7 10. Bxf6 Bxf6 11. c3 O-O 12. Nc2 Bg5 13. a4 bxa4 14. Rxa4 a5
15. Bc4 Rb8 16. Ra2 g6 (16... Kh8 17. Nce3 g6 18. h4 $1 Bxh4 19. g3 {has been
in center of discussions lately. White sacrifices a pawn; next he will remove
the b- and f-pawns from the second rank, clearing for his rook from a2 the way
to the h-file. Leko's move is designed to avoid this variation.}) 17. O-O ({
Now after} 17. h4 {Black simply takes the pawn} Bxh4 {and comparing to the
previous variation the king on g8 instead of h8, as well as White's knight
still on c2 instead of e3 considerably slows down White's attacking potential.}
) (17. Nce3 Kg7 $5 18. h4 Bxh4 19. g3 Bg5 20. f4 exf4 21. gxf4 Bh4+ 22. Kf1 Rh8
$5 23. b3 h5 24. Rg2 Kf8 25. Rd2 Kg7 26. Rg2 Kf8 27. Rd2 Kg7 {1/2-1/2 Berescu,
A (2439)-Khairullin,I (2517)/Warsaw POL 2005}) 17... Kh8 18. b4 {A logical
continuation, creating a passed pawn on the b-file.} (18. Nce3 f5 $11) (18. Qe2
Bh6 19. Rd1 f5 $13) 18... axb4 ({On the next day Leko played} 18... Bd7 {
but also failed to equalize completely:} 19. Qe2 axb4 20. Ncxb4 (20. cxb4 f5
$14) 20... Na5 21. Rfa1 Nxc4 22. Qxc4 Rc8 23. Qe2 Rc5 24. Ra7 Be6 25. h3 $14 {
1/2-1/2 Kasimdzhanov,R (2670)-Leko,P (2763)/San Luis 2005 (43)}) 19. cxb4 Be6 {
This natural move is nicely refuted by Anand.} (19... f5 $142 {was necessary:}
20. exf5 (20. f3 Ne7 $13) (20. Qe2 fxe4 21. Qxe4 Bf5 22. Qe1 (22. Qe2 Bxc2 23.
Qxc2 Nxb4 24. Nxb4 Rxb4 $15) 22... Be6 $13) 20... Bxf5 21. b5 Ne7 22. Ncb4 Qc8
$1 23. Qb3 (23. Be2 Nxd5 24. Nxd5 Qc5 $132 {[%csl Rd5][%cal Gf5e4]}) (23. Nxe7
Qxc4) 23... Nxd5 24. Nxd5 Qc5 $13) 20. b5 Bxd5 (20... Ne7 21. Ncb4 Bxd5 (21...
f5 22. exf5 gxf5 23. Ra7 $36) 22. Nxd5 $14 {1-0 Korte,M (2220)-Siegmund,R 
(2130)/Arco 1998 (37)}) (20... Na5 21. Be2 f5 22. f3 Nb3 23. Ncb4 Bxd5 24. Nxd5
$16 (24. exd5 Nc1 25. Ra6 Be3+ 26. Kh1 Qh4 27. Nd3 Nxd3 28. g3 (28. Bxd3 Bf4
29. g3 Bxg3 30. Qe2 e4 $36) 28... Nf2+ 29. Rxf2 Qh6 $15) (24. Qxd5 Nc1 $40 {
1/2-1/2 Heymann,A-Siegmund,R (2142)/Leutersdorf 2000 (36)})) 21. exd5 $1 {
Very concrete approach. White gives up square d5, but secures square c6 for
his pieces. Taking with the piece on d5 would have offered Black more chances
for counterplay.} (21. Bxd5 Ne7 22. Qd3 Qb6 23. Rb1 f5 $132) (21. Qxd5 Ne7 22.
Qd3 f5 $132) 21... Na5 (21... Ne7 22. Nb4 Ra8 (22... Qc7 23. Nc6 Rb7 24. Qd3
Nc8 25. Ra8 Kg7 26. Rfa1 Nb6 27. R8a7 $16) 23. Rxa8 Qxa8 24. Qa1 $5 $16) 22.
Be2 {Thanks to his passed pawn and especially because Black cannot organize
counterplay, White has a much easier game.} Ra8 (22... Qb6 23. Nb4 f5 24. Nc6
Nxc6 25. dxc6 $18) 23. Nb4 Nb7 24. Ra6 $1 {Now on c6 goes the rook.} ({After} 
24. Nc6 Qc7 (24... Rxa2 25. Nxd8 Bxd8 $16) (24... Qb6 25. Ra6 $16) 25. Qa1 Rxa2
26. Qxa2 Nc5 27. Ra1 f5 28. Qa7 Bd8 {it is still not easy to win.}) 24... Nc5 (
24... Rxa6 25. bxa6 Nc5 26. Nc6 Qb6 27. a7 $18) 25. Rc6 Ra4 26. Qb1 Qa5 27. Na6
{Anand takes maximul advantage of his passed pawn. The knight cannot be taken 
(that would create a very strong passed pawn on a6), which means that with his
last move Anand chases away the very important defencive piece from c5.
Moreover, from a6 the knight nicely supports the advance of the b-pawn.} Ne4
28. b6 $1 Qxd5 29. Qb5 $1 Qd4 (29... Qxb5 30. Bxb5 Ra5 31. Bd3 Nc5 32. Nxc5
Rxc5 (32... dxc5 33. b7 $18) 33. Rxd6 Rb8 34. Rb1 $16) 30. Rc4 {The Indian
Grandmaster rightly feels that White should trade queens (in order to minimize
Black's counterplay), but unfortunately for White, Black is just in time to
escape.} (30. b7 {Incredibly, but this natural advance does not win:} Nxf2 $1
31. Qb6 (31. Rxf2 $2 Ra1+ 32. Bf1 Ra2 33. Qb6 Qxb6 34. Rxb6 Be3 35. b8=Q Rxb8
36. Rxb8+ Kg7 37. Kh1 Rxf2 38. Rb1 d5 $17) 31... Qxb6 32. Rxb6 Be3 33. b8=Q
Rxb8 34. Rxb8+ Kg7 {and White cannot win:} 35. g3 (35. Rxf2 Ra1+ 36. Bf1 Ra2
$17) (35. Rbb1 Ra2 36. Bc4 (36. Rbe1 $2 Nd3+ 37. Kh1 Nxe1 38. Rxe1 Bf2 $19)
36... Ne4+ (36... Rd2 $5) 37. Kh1 Nf2+ $11) 35... Ra2 $1 36. Kg2 Ne4 (36...
Rxe2 37. Kf3 Ra2 38. Nb4 (38. Kxe3 $2 Ng4+ $19) 38... Rb2 39. Kxe3 Ng4+ 40. Kd3
$16) 37. Kf3 Ba7 38. Kxe4 f5+ $1 (38... Bxb8 39. Rxf7+ $1 Kg8 (39... Kxf7 40.
Bc4+ $18) 40. Rf2 $18) 39. Kd3 e4+ 40. Kc3 Bxb8 41. Bc4 Rxh2 42. Nxb8 Rg2 {
is probably a draw}) ({Correct was to try trading queens with} 30. Qd3 $1 Qb2
$8 (30... Qxd3 31. Bxd3 Nc5 32. Nxc5 dxc5 33. b7 Rb4 34. Rb1 $18) 31. Qc2 (31.
Rb1 Ra1 32. Rxa1 Qxa1+ 33. Bf1 f5 $13 34. b7 $140 $2 Qb2 $19 {[%csl Gb7,Gf2]})
(31. g3 $16 f5 $140 32. Qb5 Qd4 33. b7 {and} Nxf2 {doesn't work because of the
simple} 34. b8=Q $18) 31... Qd4 $1 (31... Ra2 32. Qxe4 Qxe2 33. Qxe2 Rxe2 34.
Rb1 $18) 32. Qd1 $1 $16) 30... Rxc4 31. Qxc4 Nc3 $1 (31... Qxc4 32. Bxc4 Nc5
33. Rb1 Nxa6 34. Bxa6 Rb8 35. b7 $16 d5 36. Rb5) 32. Bd3 Qxc4 33. Bxc4 d5 34.
Bxd5 (34. Bd3 $2 e4 35. Bc2 d4 $132) (34. Bb3 e4 35. b7 Bf4 36. Ra1 Kg7 37. Nb4
d4 $1 (37... Rb8 38. Bxd5 $16) 38. Ra8 d3 $13) 34... Nxd5 35. b7 e4 $1 36. b8=Q
(36. Rb1 $2 Bf4) 36... Rxb8 37. Nxb8 e3 38. fxe3 Bxe3+ 39. Kh1 Kg7 $11 40. Nc6
h5 41. Rd1 Nf6 42. Rb1 Ng4 43. g3 Bg5 44. Kg2 Bf6 45. Re1 Nh6 46. Kf3 Nf5 47.
Rd1 Nh6 48. h3 Nf5 49. Rd7 Kf8 50. Na5 Nd4+ 51. Kg2 Nf5 52. Nc4 Kg7 53. g4 hxg4
54. hxg4 Ne7 55. Nd6 Be5 56. Ne4 Ng8 57. g5 Kf8 58. Rb7 f6 59. Nc5 Ke8 60. Nd3
Bd6 1/2-1/2

[Event "RUS-ch 53rd"]
[Site "Samara"]
[Date "2000.06.19"]
[Round "3"]
[White "Voitsekhovsky, Stanislav"]
[Black "Tolstikh, Nikolay"]
[Result "1/2-1/2"]
[WhiteElo "2546"]
[BlackElo "2419"]
[Annotator "Rogozenco,D"]
[PlyCount "51"]
[EventDate "2000.06.03"]
[EventType "swiss"]
[EventRounds "11"]
[EventCountry "RUS"]
[SourceTitle "CBM 078"]
[Source "ChessBase"]
[SourceDate "2000.10.18"]
[SourceVersion "1"]
[SourceVersionDate "2000.10.18"]
[SourceQuality "1"]

1. e4 c5 2. Nf3 Nc6 3. d4 cxd4 4. Nxd4 Nf6 5. Nc3 e5 6. Ndb5 d6 7. Bg5 a6 8.
Na3 b5 9. Bxf6 gxf6 10. Nd5 f5 11. c3 Bg7 12. exf5 Bxf5 13. Nc2 Be6 14. g3 O-O
15. Bg2 f5 16. O-O a5 17. Nf4 {The present game doesn't change the evaluation
of this move as harmless for Black.} (17. Qe2 $142) (17. Qh5 $142) 17... exf4
18. Bxc6 fxg3 19. hxg3 f4 20. Nd4 (20. Bd5 Bxd5 21. Qxd5+ Kh8 22. Rfe1 (22. Nd4
fxg3 23. fxg3 Be5 $11 {1/2-1/2 Lutz,C-Horvath,T/ BL 95-96 1995 (30)}) 22... Qc8
23. Nd4 fxg3 24. fxg3 Qg4 (24... Qh3 25. Qg2 Qxg2+ 26. Kxg2 b4 $15) 25. Kg2
Rae8 26. Rxe8 Rxe8 27. Rf1 Bxd4 28. Qxd4+ Qxd4 29. cxd4 Re4 30. Rf5 Re2+ 31.
Rf2 Re4 32. Rf5 Re2+ {1/2-1/2 Van der Wiel,J-De Vreugt,D/Amsterdam 1996}) 20...
fxg3 $146 (20... Bc4 21. Re1 (21. Bxa8 $5 Qxa8 (21... Bxf1 $2 22. Bd5+ $18) 22.
Re1 fxg3 23. fxg3 {Maybe this was White's idea when playing 17.Nf4.}) 21...
fxg3 22. fxg3 Qg5 $40 {1/2-1/2 Rodriguez Aguilera,R-Serra Olives,T/Zamora 1996
(65)}) 21. Nxe6 Qh4 $11 22. fxg3 Qxg3+ 23. Bg2 Qe3+ 24. Kh1 Qh6+ 25. Kg1 Qe3+
26. Kh1 1/2-1/2